Obras premiadas en el Certamen Científico-Sociológico / (Record no. 110011)

MARC details
000 -LEADER
campo de control de longitud fija 00661nam a2200181 4500
001 - NÚMERO DE CONTROL
campo de control 110011
003 - IDENTIFICADOR DE NÚMERO DE CONTROL
campo de control ES-MaACL
005 - FECHA Y HORA DE LA ÚLTIMA TRANSACCIÓN
campo de control 20230906184947.0
007 - CAMPO FIJO DE DESCRIPCIÓN FÍSICA--INFORMACIÓN GENERAL
campo de control de longitud fija t|
008 - DATOS DE LONGITUD FIJA--INFORMACIÓN GENERAL
campo de control de longitud fija 061121s1917 sp r ||||1| spa d
245 00 - MENCIÓN DEL TÍTULO
Título Obras premiadas en el Certamen Científico-Sociológico /
Mención de responsabilidad, etc. organizado por el Centro obrero de cultura, siendo mantenedor... D. Antonio Rey Soto.
260 ## - PUBLICACIÓN, DISTRIBUCIÓN, ETC.
Lugar de publicación, distribución, etc. Ferrol :
Nombre del editor, distribuidor, etc. El Correo Gallego,
Fecha de publicación, distribución, etc. 1917.
300 ## - DESCRIPCIÓN FÍSICA
Extensión 279 p. ;
Dimensiones 22 cm.
500 ## - NOTA GENERAL
Nota general Precede al Tit : Biblioteca del Centro Obrero de Cultura de Ferrol.
700 1# - ENTRADA AGREGADA--NOMBRE PERSONAL
Nombre de persona Rey Soto, Antonio.
9 (RLIN) 96541
710 2# - ENTRADA AGREGADA--NOMBRE DE ENTIDAD CORPORATIVA
Nombre de entidad corporativa o nombre de jurisdicción como elemento de entrada Centro Obrero de Cultura de Ferrol.
9 (RLIN) 2773
852 ## - LOCALIZACIÓN
Ubicación ES-MaACL
Número de control de estantería A-1681
Holdings
Estatus retirado Estado de pérdida Estado de daño No para préstamo Biblioteca de origen Biblioteca actual Ubicación en estantería Fecha de adquisición Fuente de adquisición Total de préstamos Signatura topográfica completa Código de barras Visto por última vez Precio de reemplazo Tipo de ítem Koha
        Biblioteca del Ateneo de Madrid Biblioteca del Ateneo de Madrid Sala Pecera Planta 1 17/01/2008     A-1681 1114780 23/02/2023 23/02/2023 Libro impreso